A low carbon building standards strategy for Scotland (Record no. 107777)
[ view plain ]
| 000 -LEADER | |
|---|---|
| fixed length control field | 01144cam a22002175a 4500 |
| 001 - CONTROL NUMBER | |
| control field | E141819 |
| 008 - FIXED-LENGTH DATA ELEMENTS--GENERAL INFORMATION | |
| fixed length control field | 071221s2007 stk f 000 0 eng d |
| 020 ## - INTERNATIONAL STANDARD BOOK NUMBER | |
| International Standard Book Number | 9781904320067 |
| 035 ## - SYSTEM CONTROL NUMBER | |
| System control number | (Sirsi) u141819 |
| 041 0# - LANGUAGE CODE | |
| Language code of text/sound track or separate title | eng |
| 110 2# - MAIN ENTRY--CORPORATE NAME | |
| Corporate name or jurisdiction name as entry element | Scottish Building Standards Agency |
| 9 (RLIN) | 4655 |
| 245 02 - TITLE STATEMENT | |
| Title | A low carbon building standards strategy for Scotland |
| Remainder of title | report of a panel appointed by Scottish Ministers chaired by Lynne Sullivan |
| Medium | [electronic resource] |
| 260 ## - PUBLICATION, DISTRIBUTION, ETC. | |
| Place of publication, distribution, etc. | Edinburgh |
| Name of publisher, distributor, etc. | SBSA |
| Date of publication, distribution, etc. | 2007 |
| 520 ## - SUMMARY, ETC. | |
| Summary, etc. | Makes 56 recommendations for the Scottish Government, the majority of which are within the remit of the Scottish Building Standards Agency. The panel was appointed by MSP Stewart Stevenson to advise on the development of a low carbon building standards strategy to increase energy efficiency and reduce carbon emissions. |
| 521 ## - TARGET AUDIENCE NOTE | |
| Target audience note | Advanced |
| 651 #4 - SUBJECT ADDED ENTRY--GEOGRAPHIC NAME | |
| Geographic name | Scotland |
| Chronological subdivision | 1999- |
| 690 ## - LOCAL SUBJECT ADDED ENTRY--TOPICAL TERM (OCLC, RLIN) | |
| Topical term or geographic name as entry element | ENVIRONMENTAL AND LAND CONSULTANCY-SUSTAINABILITY-SUSTAINABLE DEVELOPMENT |
| 700 1# - ADDED ENTRY--PERSONAL NAME | |
| Personal name | Sullivan, Lynne |
| 856 41 - ELECTRONIC LOCATION AND ACCESS | |
| Uniform Resource Identifier | <a href="https://www.scotland.gov.uk/Resource/Doc/217736/0092637.pdf">https://www.scotland.gov.uk/Resource/Doc/217736/0092637.pdf</a> |
| Public note | View the item free of charge at www.www.scotland.gov.uk |
| 942 ## - ADDED ENTRY ELEMENTS (KOHA) | |
| Suppress in OPAC | 0 |
| Withdrawn status | Lost status | Source of classification or shelving scheme | Damaged status | Not for loan | Home library | Current library | Shelving location | Date acquired | Total Checkouts | Full call number | Barcode | Date last seen | Copy number | Price effective from | Koha item type |
|---|---|---|---|---|---|---|---|---|---|---|---|---|---|---|---|
| Dewey Decimal Classification | Virtual | Virtual | Online | 14/03/2008 | ONLINE PUBLICATION | 141819-2001 | 06/08/2019 | 1 | 06/08/2019 | Book |